Introduction to graph theory /

Bibliographic Details
Main Author: Wilson, Robin J.
Format: Book
Language:English
Published: Harlow, Essex, England ; New Delhi : Pearson Education, c1996 [impression 2009].
Edition:Fourth edition.
Subjects:
Classic Catalogue: View this record in Classic Catalogue
LEADER 01419nam a2200289 a 4500
001 0016945
003 BD-DhAAL
008 101003m20091996enka b 001 0 eng d
010 |a  84023354  
020 |a 9788131706985 
020 |a 0582446856 (pbk.) 
040 |a DLC  |c DLC  |d DLC  |d BD-DhAAL 
082 0 0 |a 511.5  |2 21 
100 1 |a Wilson, Robin J.  |9 58656 
245 1 0 |a Introduction to graph theory /  |c Robin J. Wilson. 
250 |a Fourth edition. 
260 |a Harlow, Essex, England ;  |a New Delhi :  |b Pearson Education,  |c c1996 [impression 2009]. 
300 |a viii, 171 p. :  |b ill. ;  |c 22 cm 
504 |a Includes bibliographical references and index. 
526 |a CSE  |x Dr. Mumit Khan Professor and Chairperson Department of Computer Science and Engineering BRAC University 
541 1 |e 0016945, 0021106  |a Smart Books 
650 0 |a Graph theory. 
852 4 |a Ayesha Abed Library   |c General Stacks 
942 |2 ddc  |c BK 
999 |c 9608  |d 9608 
952 |0 0  |1 0  |2 ddc  |4 0  |6 511_500000000000000_WIL  |7 0  |9 12227  |a BRACUL  |b BRACUL  |c GEN  |d 2010-10-03  |l 10  |m 83  |o 511.5 WIL  |p 3010021106  |r 2025-09-15  |s 2025-09-01  |t 2  |w 2010-10-03  |y BK 
952 |0 0  |1 0  |2 ddc  |4 0  |6 511_500000000000000_WIL  |7 0  |9 17667  |a BRACUL  |b BRACUL  |c GEN  |d 2011-07-30  |e Smart Books  |g 364.00  |l 6  |m 40  |o 511.5 WIL  |p 3010016945  |r 2025-09-15  |s 2025-09-08  |t 1  |w 2011-07-30  |y BK  |x Requisitioned by Dr. Mumit Khan (Professor and Chairperson, Department of Computer Science and Engineering, BRAC University).